[Event "Ambalangoda Dhamso op 11th"]
[Site "Ambalangoda"]
[Date "2024.05.18"]
[Round "4"]
[White "Jithen, KA Chalinu"]
[Black "Fernando, H Gayaru Dulsara"]
[Result "0-1"]
[WhiteElo "1542"]
[BlackElo "1725"]
[PlyCount "86"]
[EventDate "2024.05.17"]
[EventType "swiss"]
[EventRounds "10"]
[EventCountry "SRI"]
[SourceTitle "CBM 220 Extra"]
[Source "ChessBase"]
[SourceDate "2024.07.31"]
[SourceVersion "1"]
[SourceVersionDate "2024.07.31"]
[SourceQuality "1"]

1. c4 c5 2. Nc3 Nc6 3. g3 e6 4. Bg2 Nge7 5. e4 Ng6 6. d3 Be7 7. Nge2 d6 8. 0-0 h5 9. Nf4 Nxf4 10. Bxf4 Bf6 11. Be3 g5 12. f4 h4 13. fxg5 Bxg5 14. Bxg5 Qxg5 15. Qc1 Qg7 16. Qe3 Ne5 17. Nb5 Ke7 18. Rad1 a6 19. Nc3 Ng4 20. Qf4 hxg3 21. Qxg3 Qd4+ 22. Kh1 Rxh2+ 23. Qxh2 Nxh2 24. Kxh2 Bd7 25. Bh3 Rh8 26. Rf3 b5 27. cxb5 axb5 28. Rdf1 Rh7 29. Kg2 b4 30. Nd1 Rg7+ 31. Kh1 Qe5 32. R1f2 Qh5 33. Ne3 Qh8 34. Kh2 Rh7 35. Kg2 Rg7+ 36. Kh2 Bb5 37. Ng4 d5 38. e5 Qh5 39. Kg1 Rxg4+ 40. Bxg4 Qxg4+ 41. Kf1 Qg6 42. Ke2 c4 43. dxc4 dxc4 0-1